Donde ellas
Պահպանված է:
| Հիմնական հեղինակ: | |
|---|---|
| Ձևաչափ: | Գիրք |
| Լեզու: | Spanish |
| Հրապարակվել է: |
San José, Costa Rica
Ediciones Perro Azul
2004
|
| Խորագրեր: | |
| Ցուցիչներ: |
Ավելացրեք ցուցիչ
Չկան պիտակներ, Եղեք առաջինը, ով նշում է այս գրառումը!
|
MARC
| LEADER | 00000nam a22000007a 4500 | ||
|---|---|---|---|
| 008 | 170905b xxu||||| |||| 00| 0 spa d | ||
| 040 | |a cru BVZT | ||
| 090 | |a 868 P-8.1d | ||
| 100 | |a Pinto, Roxana | ||
| 245 | |a Donde ellas |c Roxana Pinto | ||
| 260 | |a San José, Costa Rica |b Ediciones Perro Azul |c 2004 | ||
| 300 | |a 166 páginas | ||
| 546 | |a Español | ||
| 650 | |a LITERATURA COSTARRICENSE | ||
| 650 | |a NOVELA | ||
| 999 | |c 15366 |d 15366 | ||
| 942 | |c 15 D |h 868 P-8.1d |2 z | ||
